| 000 | 01131cam a2200265 i 4500 | ||
|---|---|---|---|
| 003 | SA-RiAUC | ||
| 005 | 20241119083554.0 | ||
| 008 | 241111s1994 su g 00000dara c | ||
| 040 |
_aSA-JeALM _bara _cSA-RiAUC _erda |
||
| 082 | 0 | 4 | _a245.8 |
| 090 |
_a245.8 _bج ب و |
||
| 100 | 1 |
_aالجبوري، حسين بن خلف _eمؤلف. |
|
| 245 | 1 | 2 |
_aالإمام أبو الحسن الأشعري وآراؤه الأصولية والمتوفي سنة 324 هـ/ _cتأليف حسين خلف الجبوري. |
| 250 | _aالطبعة الأولى. | ||
| 264 | 1 |
_aمكة المكرمة : _bحسين خلف الجبوري، _c1994 |
|
| 264 | 3 |
_a[مكة المكرمة] : _bمطابع الصفا _c1993 |
|
| 300 |
_a60 صفحة ؛ _c24 سم |
||
| 336 |
_aنص _btxt _2rdacontent _3كتاب |
||
| 337 |
_aبدون وسيط _bn _2rdamedia |
||
| 338 |
_aمجلد _bnc _2rdacarrier |
||
| 600 | 1 | 7 |
_aأبو الحسن الأشعري، علي بن إسماعيل بن إسحاق، _d260-324 هجري _2aucnm |
| 650 | 7 |
_aالأشاعرة (فرقة إسلامية) _2aucsh |
|
| 942 |
_2ddc _cBOOK _n0 |
||
| 949 |
_aSA-JeALM _d241111 _umohamedma123 _n1 |
||
| 999 |
_c2508 _d2508 |
||